000 00747nam a2200217Ia 4500
003 GCL
008 140319s9999 xx 000 0 ara d
020 _a?263305977
040 _aGCL /
_cGCL
082 0 4 _a401.018
_bك ف
100 1 _aمحمود فهمى حجازى
245 1 0 _aفردينان دوسوسير - تاصيل علم اللغة الحديث وعلم العلامات /
_cمحمود فهمى حجازى
700 1 _aكللر, جوناثان
260 _aالقاهرة :
_bالمجلس الاعلى للثقافة ،
_c2000
300 _a136 ص ؛
_c22 سم
490 _aالمشروع القومى للترجمة
_v211
650 0 4 _aاللغات
650 0 4 _aاللغة، علم
650 0 4 _aاللغة
942 _2ddc
_cBK
999 _c538
_d538